PPP projekty dávají smysl, klíčem je správné uchopení

PPP projekty ako projekty, na ktorých sa podieľa rovnako súkromný, ale aj verejný sektor. Jedná sa o nástroj na financovanie rozvoja verejnej infraštruktúry a umožňuje optimalizáciu celoživotných nákladov. Výhody vs. nevýhody PPP projektov. Globálna aktivita PPP.

Salvato in:
Dettagli Bibliografici
Autore principale: Sobková, Martina
Natura: Capitolo di libro
Lingua:ceco
Soggetti:
Tags: Aggiungi Tag
Nessun Tag, puoi essere il primo ad aggiungerne!!

MARC

LEADER 00000naa a2200000 4500
001 0279846
005 20240417075148.2
041 0 |a cze 
044 |a CZ 
245 1 0 |a PPP projekty dávají smysl, klíčem je správné uchopení  |c Martina Sobková 
520 |a PPP projekty ako projekty, na ktorých sa podieľa rovnako súkromný, ale aj verejný sektor. Jedná sa o nástroj na financovanie rozvoja verejnej infraštruktúry a umožňuje optimalizáciu celoživotných nákladov. Výhody vs. nevýhody PPP projektov. Globálna aktivita PPP. 
610 2 0 |a projekty 
610 2 0 |a infraštruktúra 
610 2 0 |a sektor verejný 
610 2 0 |a sektor súkromný 
610 2 0 |a financovanie 
100 1 |a Sobková, Martina